Quality standard for new developments (Record no. 73021)

MARC details
000 -LEADER
fixed length control field 01210cam a2200217 4500
001 - CONTROL NUMBER
control field WB3926-01
008 - FIXED-LENGTH DATA ELEMENTS--GENERAL INFORMATION
fixed length control field 030710n2003 000 0 eng u
035 ## - SYSTEM CONTROL NUMBER
System control number (Sirsi) u122970
245 ## - TITLE STATEMENT
Title Quality standard for new developments
260 ## - PUBLICATION, DISTRIBUTION, ETC.
Date of publication, distribution, etc. 2003
490 ## - SERIES STATEMENT
Series statement CABE Press Release
Volume/sequential designation 8 July 2003 (3)
520 ## - SUMMARY, ETC.
Summary, etc. The Building for Life Standard, a new housing design quality standard backed by government and the housing industry, has been launched. The standard will help buyers identify the highest quality new housing projects and rewards house builders who strive to achieve design excellence. Schemes are assessed against criteria such as good place making, parking and pedestrianisation, design and construction and their environmental impact. Further details about the standard and early recipient schemes are at http://www.buildingforlife.org. http://www.cabe.org.uk/0amCP1e874H=sKRT8hWoCdw/news/press/press_release.html?press_release_id=241
590 ## - LOCAL NOTE (RLIN)
Local note WB
650 ## - SUBJECT ADDED ENTRY--TOPICAL TERM
Topical term or geographic name entry element BUILDING FOR LIFE STANDARD
650 ## - SUBJECT ADDED ENTRY--TOPICAL TERM
Topical term or geographic name entry element NEW DEVELOPMENTS
650 ## - SUBJECT ADDED ENTRY--TOPICAL TERM
Topical term or geographic name entry element QUALITY STANDARDS
650 ## - SUBJECT ADDED ENTRY--TOPICAL TERM
Topical term or geographic name entry element HOUSING DESIGN
650 ## - SUBJECT ADDED ENTRY--TOPICAL TERM
Topical term or geographic name entry element HOUSING DEVELOPMENTS
690 ## - LOCAL SUBJECT ADDED ENTRY--TOPICAL TERM (OCLC, RLIN)
Topical term or geographic name as entry element BUILT ENVIRONMENT-CONSTRUCTION DESIGN
942 ## - ADDED ENTRY ELEMENTS (KOHA)
Suppress in OPAC 0
Holdings
Withdrawn status Lost status Source of classification or shelving scheme Damaged status Not for loan Home library Current library Shelving location Date acquired Total Checkouts Full call number Barcode Date last seen Copy number Price effective from Koha item type
    Dewey Decimal Classification     London London News article 10/07/2003   WB3926-01 122970-1001 06/08/2019 1 06/08/2019 News article